000 00663cas a22002055a 4500
001 L138582
008 070622d19911991xxkmr p 0 a0eng u
035 _a(Sirsi) u138582
041 0 _aeng
110 2 _aRoyal Institution of Chartered Surveyors
_bBuilding Surveyors Division
_94964
245 0 4 _aThe Building Surveyor
260 _aLondon
_bRICS
_c1991
362 0 _aJanuary-July 1991
520 _aFrom August 1991 this publication was issued as a supplement to Chartered Surveyor Monthly.
554 _a12 per year
651 4 _aUnited Kingdom
_y
690 _aBuilding surveying
_96225
785 0 0 _tChartered Surveyor Monthly
_x0964-3311
942 _n0
999 _c118998
_d118998